[Event "Medium KO  1600-2000"]
[Site "SchemingMind.com"]
[Date "2008.10.08"]
[Round "-"]
[White "Apocalypse"]
[Black "Tahur"]
[Result "1-0"]
[WhiteCountry "USA"]
[BlackCountry "ARG"]
[WhiteElo "2361"]
[WhiteRD "77"]
[BlackElo "1985"]
[BlackRD "74"]
[GameID "173569"]

1. f4 d5 2. b3 Bg4 3. Bb2 e6 4. g3 Nc6 5. Bg2 Nf6 6. Nf3 Bd6 7. a3 O-O 8. O-O h6 9. e3 b6 10. h3 Bf5
11. d3 Bc5 12. Qe2 a5 13. Nbd2 Re8 14. Ne5 Ne7 15. g4 Bg6 16. c4 c6 17. Ndf3 Nd7 18. d4 Bd6 19. Nxg6 Nxg6 20. Bh1 a4
21. b4 Bc7 22. Ne5 Ngxe5 23. dxe5 Qh4 24. Rac1 Qxh3 25. cxd5 Qg3+ 26. Qg2 Qxe3+ 27. Qf2 Qh3 28. Rc3 Qxg4+ 29. Rg3 Qh5 30. d6 Bd8
31. Bxc6 Ra7 32. Qg2 Kh8 33. Rxg7 Qf5 34. Rf3 Qb1+ 35. Kh2 f5 36. Qg6 Qc2+ 37. Kh3 Qg2+ 38. Kxg2 Nf6 39. Qxh6+
1-0